| 000 | 00598nam a2200193 i 4500 | ||
|---|---|---|---|
| 001 | 38714 | ||
| 003 | ES-MaACL | ||
| 005 | 20231205191406.0 | ||
| 007 | t| | ||
| 008 | 030226s1959 sp ||||1| spa d | ||
| 100 | 1 |
_aCamón Aznar, José, _d1898-1979 _934095 |
|
| 245 | 1 | 3 |
_aEl ser en el espíritu / _cJosé Camón Aznar. |
| 260 |
_a[Madrid] : _bGredos, _c[1959] ( _fCóndor) |
||
| 300 |
_a318 p. ; _c20 cm. |
||
| 490 | 1 | _aBiblioteca hispánica de filosofía | |
| 830 | 0 |
_aBiblioteca hispánica de filosofía _9181000 |
|
| 852 |
_aES-MaACL _jC-16220 _bR.44291 |
||
| 999 |
_c38714 _d38714 |
||